রবীন্দ্রভাবনায় শান্তিনিকেতনে আলপনা / (Record no. 39350)
[ view plain ]
| 000 -LEADER | |
|---|---|
| fixed length control field | 00981nam a22002297a 4500 |
| 001 - CONTROL NUMBER | |
| control field | 39350 |
| 003 - CONTROL NUMBER IDENTIFIER | |
| rucl marc code | BD-RjUL |
| 005 - DATE AND TIME OF LATEST TRANSACTION | |
| control field | 20211209052955.0 |
| 008 - FIXED-LENGTH DATA ELEMENTS--GENERAL INFORMATION | |
| fixed length control field | 160407c20122011bg ||||| |||| 00| 0 ben d |
| 020 ## - INTERNATIONAL STANDARD BOOK NUMBER | |
| International Standard Book Number | 9789350400494 |
| Terms of availability | : Tk. 880.00 |
| 035 ## - SYSTEM CONTROL NUMBER | |
| System control number | (BD-RjUL)39463 |
| 040 ## - CATALOGING SOURCE | |
| Original cataloging agency | BD-RjUL |
| Language of cataloging | ben |
| Transcribing agency | BD-RjUL |
| 041 ## - LANGUAGE CODE | |
| Language code of text/sound track or separate title | ben |
| 082 ## - DEWEY DECIMAL CLASSIFICATION NUMBER | |
| Edition number | 23 |
| Classification number | 891.4414 |
| Author mark and year | GHR 2012 |
| 100 ## - MAIN ENTRY--PERSONAL NAME | |
| Personal name | ঘোষ, স্বাতী |
| 9 (RLIN) | 121304 |
| 245 10 - TITLE STATEMENT | |
| Title | রবীন্দ্রভাবনায় শান্তিনিকেতনে আলপনা / |
| Statement of responsibility, etc. | স্বাতী ঘোষ, |
| 260 ## - PUBLICATION, DISTRIBUTION, ETC. (IMPRINT) | |
| Place of publication, distribution, etc. | কলকাতা : |
| Name of publisher, distributor, etc. | আনন্দ পাবলিশার্স প্রাইভেট লিমিটেড, |
| Date of publication, distribution, etc. | ২০১২. |
| 300 ## - PHYSICAL DESCRIPTION | |
| Pagination | [সতেরো], ১১৮ পৃ. : |
| Illustrations | চিত্র ; |
| Size | ২৫ সেমি. |
| 600 ## - SUBJECT ADDED ENTRY--PERSONAL NAME | |
| Personal name | ঠাকুর, রবীন্দ্রনাথ |
| Dates associated with a name | ১৮৬১-১৯৪১ |
| Personal name | Tagore, Rabindranath |
| Dates associated with a name | 1861-1941 |
| 942 ## - ADDED ENTRY ELEMENTS (KOHA) | |
| Source of classification or shelving scheme | Dewey Decimal Classification |
| Koha item type | Books |
| Lost status | Source of classification or shelving scheme | Damaged status | Not for loan | Collection code | Permanent Location | Current Location | Shelving location | Date acquired | Source of acquisition | Cost, normal purchase price | Total Checkouts | Full call number | Date last seen | Copy number | Koha item type | Date checked out |
|---|---|---|---|---|---|---|---|---|---|---|---|---|---|---|---|---|
| Dewey Decimal Classification | Not For Loan | Non-fiction | Central Library, University of Rajshahi | Central Library, University of Rajshahi | Reading Room | 05/07/2015 | Batighar, Chittagong | 880.00 | B 891.4414 GHR 2012 | 07/04/2016 | C-1 | Books | ||||
| Dewey Decimal Classification | Non-fiction | Central Library, University of Rajshahi | Central Library, University of Rajshahi | 05/07/2015 | Batighar, Chittagong | 880.00 | B 891.4414 GHR 2012 | 07/04/2016 | C-2 | Books | ||||||
| Dewey Decimal Classification | Non-fiction | Central Library, University of Rajshahi | Central Library, University of Rajshahi | 05/07/2015 | Batighar, Chittagong | 880.00 | 3 | B 891.4414 GHR 2012 | 04/09/2023 | C-3 | Books | 21/08/2023 |